000 01003nam a2200253Ia 4500
003 OSt
005 20221005103653.0
006 a|||||r|||| 00| 0
007 ta
008 221004b |||||||| |||| 00| 0 hin d
020 _a9788179753972 (hbk)
_c400
024 _a106070
037 _bIN1037, 17/03/2011, Anamika Publishers & Distributors Pvt. Ltd.
_cTextual
040 _aCRL
_cCRL
_bhin
041 _2hin
_ahin
082 _aV2z7, 152Q1
100 _aसुरेंद्र मोहन
245 0 _aवर्तमान राजनीति की ज्वलंत चुनौतियां
246 _aVartamān rājanīti kī jvalanta chunautiyāan
260 _aदिल्ली
_bअनामिका पब्लिशर्स भारत
_c2011
300 _a222पृ0
_ccm.
942 _hV2z7, 152Q1
_cTEXL
_2cc
999 _c1010571
_d1010571